000 00620nam a22002297a 4500
003 OSt
005 20140310184344.0
008 121113t xxu||||| |||| 00| 0 eng d
020 _a9780439567060
020 _a0439567068
050 _aE 441
_b.K36 2004
100 _aKamma, Anne.
_924698
245 _aIf you lived when there was slavery in America /
_cAnne Kamma.
260 _aNew York, NY :
_bScholastic Inc.,
_c2004.
300 _a63 p. :
_bill. : col. ;
_c19 cm.
521 _aG6
526 _c800
650 _aAmerica
_xSlavery
_924699
942 _2lcc
_cBK-SCHOLAS
999 _c33852
_d33852